Cuốn sách hoàn hảo về ngôn ngữ cơ thể

में बचाया:
ग्रंथसूची विवरण
मुख्य लेखक: Allan
स्वरूप: पुस्तक
भाषा:Undetermined
प्रकाशित: New York Bantam Books 2017
विषय:
टैग : टैग जोड़ें
कोई टैग नहीं, इस रिकॉर्ड को टैग करने वाले पहले व्यक्ति बनें!
Thư viện lưu trữ: Trung tâm Học liệu Trường Đại học Cần Thơ
LEADER 00578nam a2200193Ia 4500
001 CTU_223788
008 210402s9999 xx 000 0 und d
020 |c 198000 
082 |a 153.69 
082 |b A417 
100 |a Allan 
245 0 |a Cuốn sách hoàn hảo về ngôn ngữ cơ thể 
245 0 |c Allan & Barbara Pease ; Lê Huy Lâm (Dịch) 
260 |a New York 
260 |b Bantam Books 
260 |c 2017 
650 |a Body language.,Ngôn ngữ cơ thể 
904 |i Tuyến 
980 |a Trung tâm Học liệu Trường Đại học Cần Thơ